<?xml version="1.0" encoding="UTF-8"?>
<marc:record xmlns:marc="http://www.loc.gov/MARC21/slim">
   <marc:leader>00000nam a2200000 a 4500</marc:leader>
   <marc:datafield ind1="1" ind2=" " tag="100">
      <marc:subfield code="a">Falke-Ziemer, Kristina</marc:subfield>
      <marc:subfield code="4">ctb</marc:subfield>
      <marc:subfield code="e">Mitwirkende/-r</marc:subfield>
   </marc:datafield>
   <marc:datafield ind1="1" ind2=" " tag="100">
      <marc:subfield code="a">Kraft, Angela</marc:subfield>
      <marc:subfield code="4">ctb</marc:subfield>
      <marc:subfield code="e">Mitwirkende/-r</marc:subfield>
   </marc:datafield>
   <marc:datafield ind1=" " ind2=" " tag="653">
      <marc:subfield code="a">Hundeausbildung</marc:subfield>
   </marc:datafield>
   <marc:datafield ind1=" " ind2=" " tag="653">
      <marc:subfield code="a">Spiel</marc:subfield>
   </marc:datafield>
   <marc:datafield ind1=" " ind2=" " tag="653">
      <marc:subfield code="a">Geruchssinn</marc:subfield>
   </marc:datafield>
   <marc:datafield ind1=" " ind2=" " tag="653">
      <marc:subfield code="a">Hund</marc:subfield>
   </marc:datafield>
   <marc:datafield ind1=" " ind2=" " tag="653">
      <marc:subfield code="a">Kynologie</marc:subfield>
   </marc:datafield>
   <marc:datafield ind1=" " ind2=" " tag="653">
      <marc:subfield code="a">Heimtiere</marc:subfield>
   </marc:datafield>
   <marc:datafield ind1=" " ind2=" " tag="653">
      <marc:subfield code="a">Softcover / Ratgeber/Natur/Hobbytierhaltung</marc:subfield>
   </marc:datafield>
   <marc:datafield ind1=" " ind2=" " tag="653">
      <marc:subfield code="a">Ratgeber</marc:subfield>
   </marc:datafield>
   <marc:datafield ind1="0" ind2="0" tag="245">
      <marc:subfield code="a">Schnüffelspaß für Hunde</marc:subfield>
   </marc:datafield>
   <marc:datafield ind1="0" ind2="0" tag="245">
      <marc:subfield code="b">plus GU-Leser-Service</marc:subfield>
   </marc:datafield>
   <marc:datafield ind1="0" ind2="0" tag="245">
      <marc:subfield code="c">Autorin: Kristina Falke. Fotogr.: Angela Kraft</marc:subfield>
   </marc:datafield>
   <marc:datafield ind1=" " ind2="1" tag="264">
      <marc:subfield code="a">München</marc:subfield>
      <marc:subfield code="b">Gräfe und Unzer</marc:subfield>
      <marc:subfield code="c">2010</marc:subfield>
   </marc:datafield>
   <marc:datafield ind1="1" ind2=" " tag="490">
      <marc:subfield code="a">GU-Tierratgeber</marc:subfield>
   </marc:datafield>
   <marc:datafield ind1=" " ind2=" " tag="250">
      <marc:subfield code="a">1. Aufl.</marc:subfield>
   </marc:datafield>
   <marc:datafield ind1="1" ind2=" " tag="520">
      <marc:subfield code="a">Angaben aus der Verlagsmeldung

Schnüffelspaß für Hunde / von Kristina Falke

Ist auch Ihr Hund der geborene Schnüffelprofi? Probieren Sie es aus! Nasenarbeit bedeutet jede Menge Spaß für Mensch und Hund und bietet Ihrem Vierbeiner - egal ob Welpe, erwachsener Hund oder Senior - zusätzlich noch geistige und körperliche Auslastung. So wird auch aus Ihrem vierbeinigen Ausdauersportler ein zufriedener Begleiter. Und das Beste ist: geschnüffelt werden kann überall! Ob in der Wohnung oder im Wald, Sie finden für jedes Wetter und jeden Hund den passenden Trainingsort. Die einzelnen Übungen bieten jede Menge Abwechslung für vierbeinige Supernasen. Ob Leckerchen-Fährten in der Wohnung, Wiener-Schleppen im Wald oder einen verlorenen Schlüssel finden, in diesem Buch finden alle Hundebesitzer die zusammen mit Ihrem Vierbeiner etwas Neues ausprobieren möchten jede Menge Anregungen und Tipps für die Schnüffelarbeit. Zusätzlich gibt es viele Informationen über das Phänomen Hundenase, den Umgang mit der Schleppleine sowie Trainings-Tipps für die verschiedenen Hundetypen.
</marc:subfield>
   </marc:datafield>
   <marc:datafield ind1=" " ind2=" " tag="020">
      <marc:subfield code="a">9783833819322</marc:subfield>
      <marc:subfield code="9">9783833819322</marc:subfield>
   </marc:datafield>
   <marc:datafield ind1=" " ind2=" " tag="041">
      <marc:subfield code="a">ger</marc:subfield>
   </marc:datafield>
   <marc:datafield ind1=" " ind2=" " tag="300">
      <marc:subfield code="a">64 S.</marc:subfield>
   </marc:datafield>
</marc:record>
